Les pays s'écrivant pareils en anglais et en français - Statistiques

Statistiques générales
  • Ce quiz a été pris 97 fois
    89 depuis la dernière actualisation
  • Le résultat moyen est 33 sur 66
Statistiques - réponses
Réponse % Correct
France
89%
Canada
85%
Portugal
78%
Iran
68%
Paraguay
65%
Uruguay
65%
Cuba
63%
Afghanistan
62%
Mali
62%
Panama
62%
Kenya
60%
Pakistan
60%
Viet Nam
60%
Kazakhstan
58%
Venezuela
58%
Laos
57%
Niger
57%
Congo
55%
Israel
55%
Oman
55%
Botswana
54%
Monaco
54%
Togo
54%
Eswatini
52%
Guyana
52%
Liechtenstein
52%
Angola
51%
Costa Rica
51%
Guatemala
51%
Kosovo
51%
Luxembourg
51%
Madagascar
51%
Tuvalu
51%
Zimbabwe
51%
Nicaragua
49%
Qatar
49%
Ukraine
49%
Honduras
48%
Rwanda
48%
Suriname
48%
Brunei
46%
Burundi
46%
Djibouti
46%
Haiti
46%
Lesotho
46%
Sri Lanka
46%
Tonga
46%
Vanuatu
46%
Bangladesh
45%
Belize
43%
Kiribati
43%
Nauru
43%
Taiwan
43%
Gabon
42%
Samoa
42%
Seychelles
40%
Burkina Faso
38%
Ghana
38%
Liberia
38%
Malawi
35%
Sierra Leone
35%
Philippines
34%
Maldives
28%
Mozambique
25%
Myanmar
20%
El Salvador
11%
Aucun quiz correspondant
Distribution des résultats
% des personnes avec chaque résultat
Percentile par nombre de réponses
Votre historique - résultats
Vous n’avez pas pris ce quiz depuis la dernière actualisation